[Event "SRI-ch"]
[Site "Nugegoda"]
[Date "2021.12.28"]
[Round "8"]
[White "Kiriella, KGTSD"]
[Black "Theekshana, HG Denuwan"]
[Result "1-0"]
[WhiteElo "1608"]
[BlackElo "2045"]
[PlyCount "106"]
[EventDate "2021.12.24"]
[EventType "tourn"]
[EventRounds "13"]
[EventCountry "SRI"]
[SourceTitle "CBM 205 Extra"]
[Source "ChessBase"]
[SourceDate "2022.01.31"]
[SourceVersion "1"]
[SourceVersionDate "2022.01.31"]
[SourceQuality "1"]

1. e4 d6 2. d4 g6 3. Nc3 Bg7 4. f4 Nd7 5. Nf3 c5 6. Be3 cxd4 7. Bxd4 e5 8. fxe5 dxe5 9. Be3 Ne7 10. Qd2 0-0 11. 0-0-0 Qa5 12. Qd6 Nc6 13. Bb5 Nb6 14. Bxc6 bxc6 15. Qxc6 Ba6 16. Bxb6 axb6 17. Rd5 b5 18. Rd6 Rfc8 19. Qb6 Qxb6 20. Rxb6 Rd8 21. Nd5 Rdb8 22. Rd1 Rxb6 23. Nxb6 Re8 24. Rd7 b4 25. Nd5 Bf1 26. g3 Bg2 27. Nd2 Rb8 28. Ne7+ Kf8 29. Nc6 Rc8 30. Rd8+ Rxd8 31. Nxd8 Bh6 32. Nc6 Bxe4 33. Nxe5 Bg2 34. Nd3 Be3 35. Kd1 f5 36. Ke2 Ba7 37. Nxb4 g5 38. Nd3 Ke7 39. c4 h5 40. b4 Bb8 41. Nf3 Kf6 42. Kf2 Bh1 43. a4 h4 44. c5 hxg3+ 45. hxg3 g4 46. Nd2 Ke6 47. Nf4+ Kd7 48. Ng2 Be5 49. Nb3 Kc6 50. b5+ Kd5 51. a5 Bb8 52. a6 Bxg2 53. Kxg2 Ke6 1-0

[Event "SRI-ch"]
[Site "Nugegoda"]
[Date "2021.12.26"]
[Round "4"]
[White "Liyanage, Ranindu Dilshan"]
[Black "Theekshana, HG Denuwan"]
[Result "1-0"]
[WhiteElo "2300"]
[BlackElo "2045"]
[PlyCount "115"]
[EventDate "2021.12.24"]
[EventType "tourn"]
[EventRounds "13"]
[EventCountry "SRI"]
[SourceTitle "CBM 205 Extra"]
[Source "ChessBase"]
[SourceDate "2022.01.31"]
[SourceVersion "1"]
[SourceVersionDate "2022.01.31"]
[SourceQuality "1"]

1. e4 d6 2. d4 g6 3. Nc3 Bg7 4. f4 e6 5. Nf3 Ne7 6. Bd3 d5 7. e5 a6 8. Be3 b6 9. Ne2 Nd7 10. g4 h5 11. gxh5 Rxh5 12. Ng3 Rh8 13. h4 Nf8 14. h5 Nf5 15. Bf2 c5 16. c3 Qc7 17. Ke2 Bd7 18. a4 c4 19. Bc2 0-0-0 20. Ng5 Bc6 21. hxg6 Nxg6 22. Nxf5 Nxf4+ 23. Kf3 exf5 24. Kxf4 Bh6 25. Bxf5+ Kb7 26. Rxh6 Rxh6 27. Ke3 Qe7 28. Nf3 f6 29. e6 Rg8 30. Kd2 Qd6 31. Qe2 Rh5 32. Bc2 Rh3 33. Qe3 Rg2 34. Rf1 Be8 35. Kc1 Bh5 36. Bd1 Rg7 37. Qh6 Re7 38. Ng1 Bxd1 39. Nxh3 Bb3 40. Nf4 Qc6 41. Qxf6 Rc7 42. Kd2 Bxa4 43. Qe5 Ka7 44. e7 Rc8 45. Qxd5 Qh6 46. Qe4 Qg5 47. d5 Rc7 48. d6 Rd7 49. e8Q Rxd6+ 50. Bd4 Bxe8 51. Qxe8 Qf5 52. Qe7+ Rd7 53. Qe6 Qb5 54. Kc1 Rxd4 55. cxd4 c3 56. Qe2 cxb2+ 57. Kb1 Qa4 58. Qxb2 1-0

[Event "Asian Hybrid"]
[Site "Tornelo INT"]
[Date "2021.05.28"]
[Round "8"]
[White "Theekshana, HG Denuwan"]
[Black "Abdyjapar, Asyl"]
[Result "1-0"]
[WhiteElo "2045"]
[BlackElo "2403"]
[PlyCount "69"]
[EventDate "2021.05.21"]
[EventType "swiss"]
[EventRounds "9"]
[EventCountry "NET"]
[SourceTitle "CBM 202 Extra"]
[Source "ChessBase"]
[SourceDate "2021.07.31"]
[SourceVersion "1"]
[SourceVersionDate "2021.07.31"]
[SourceQuality "1"]

1. d4 Nf6 2. Nf3 g6 3. Bf4 Bg7 4. Nbd2 d6 5. e4 0-0 6. c3 Nbd7 7. h3 c6 8. Bd3 b5 9. 0-0 Bb7 10. Re1 a6 11. Qc2 Re8 12. Rad1 e5 13. dxe5 dxe5 14. Be3 Nh5 15. Nb3 Nf4 16. Bf1 Qc7 17. c4 b4 18. c5 a5 19. Nbd2 Ne6 20. Nc4 Red8 21. Nb6 Nxb6 22. cxb6 Qe7 23. Bc4 Nd4 24. Nxd4 exd4 25. Bf4 Be5 26. Bxe5 Qxe5 27. f4 Qxf4 28. Rf1 Qe3+ 29. Kh1 Rd7 30. Rxf7 Rxf7 31. Rf1 Raf8 32. Bxf7+ Kg7 33. Qc5 Qxe4 34. Qxf8+ Kxf8 35. Bxg6+ 1-0

[Event "Asian Hybrid"]
[Site "Tornelo INT"]
[Date "2021.05.22"]
[Round "2"]
[White "Theekshana, HG Denuwan"]
[Black "Taher, Yoseph Theolifus"]
[Result "0-1"]
[WhiteElo "2045"]
[BlackElo "2455"]
[PlyCount "124"]
[EventDate "2021.05.21"]
[EventType "swiss"]
[EventRounds "9"]
[EventCountry "NET"]
[SourceTitle "CBM 202 Extra"]
[Source "ChessBase"]
[SourceDate "2021.07.31"]
[SourceVersion "1"]
[SourceVersionDate "2021.07.31"]
[SourceQuality "1"]

1. Nf3 c5 2. e3 Nc6 3. d4 cxd4 4. exd4 d5 5. c3 Qc7 6. Bb5 Bg4 7. h3 Bh5 8. g4 Bg6 9. Ne5 e6 10. Qa4 Nge7 11. Bf4 Qc8 12. 0-0 f6 13. Nxc6 Nxc6 14. Re1 Kf7 15. Nd2 h5 16. g5 Be7 17. h4 fxg5 18. hxg5 Rf8 19. Bg3 Kg8 20. Qd1 Bxg5 21. Nf3 Bf6 22. Bd3 Qe8 23. Bd6 Bxd3 24. Qxd3 Be7 25. Bxe7 Qxe7 26. Re3 Qf6 27. Rae1 Rae8 28. R1e2 Qh6 29. Ne5 Nxe5 30. Rxe5 Rf4 31. Qh3 Rg4+ 32. Kf1 Qg6 33. f3 Rf8 34. Rxh5 Rxf3+ 35. Qxf3 Qxh5 36. Rf2 Rg5 37. Qxh5 Rxh5 38. Ke2 Rf5 39. Rg2 g5 40. a4 Kg7 41. Ke3 Kg6 42. b3 Rf1 43. Kd3 Rf3+ 44. Kd2 Kf5 45. b4 g4 46. Rh2 Rh3 47. Rf2+ Rf3 48. Rh2 g3 49. Rh8 Kg4 50. Ke2 Rxc3 51. Kf1 Rc4 52. Rg8+ Kf3 53. Rf8+ Ke4 54. Ra8 Rxb4 55. a5 a6 56. Kg2 Kxd4 57. Kxg3 e5 58. Kg4 e4 59. Kf4 Rb5 60. Rb8 Kd3 61. Ke5 e3 62. Kd6 e2 0-1

[Event "Delkanda Inter Club-chT"]
[Site "Delkanda"]
[Date "2021.02.28"]
[Round "5.4"]
[White "Kodithuwakku, Himsara"]
[Black "Theekshana, HG Denuwan"]
[Result "0-1"]
[WhiteElo "1660"]
[BlackElo "2028"]
[PlyCount "106"]
[EventDate "2021.02.26"]
[EventType "team-tourn"]
[EventRounds "9"]
[EventCountry "SRI"]
[SourceTitle "EXT 2022"]
[Source "ChessBase"]
[SourceDate "2021.10.06"]
[SourceVersion "1"]
[SourceVersionDate "2021.10.06"]
[SourceQuality "1"]
[WhiteTeam "Black and Gold CC"]
[BlackTeam "Anandians CC"]
[WhiteTeamCountry "SRI"]
[BlackTeamCountry "SRI"]

1. d4 g6 2. Nf3 Bg7 3. Bf4 d6 4. e3 Nd7 5. c4 h6 6. Nc3 e5 7. Bg3 Ne7 8. Be2 0-0 9. h3 Nf5 10. Bh2 exd4 11. exd4 Re8 12. 0-0 Nf8 13. d5 Nh7 14. Qd2 h5 15. Bf4 g5 16. Nxg5 Nxg5 17. Bxg5 Bxc3 18. bxc3 Rxe2 19. Qxe2 Qxg5 20. Qe8+ Kg7 21. f4 Qe7 22. Rae1 Qxe8 23. Rxe8 b6 24. g4 hxg4 25. hxg4 Nh6 26. Rf2 Bb7 27. Rfe2 Rxe8 28. Rxe8 Ba6 29. g5 Nf5 30. Ra8 Bxc4 31. Rxa7 Bxd5 32. Rxc7 b5 33. a3 Ne3 34. Kf2 Nc4 35. Ra7 Kg6 36. a4 bxa4 37. Rxa4 Kf5 38. Kg3 Ke4 39. Ra1 Ne3 40. Re1 Kd3 41. Kf2 Nf5 42. Rd1+ Kc4 43. Rc1 Be6 44. Kf3 d5 45. Kf2 Nd6 46. Ke3 Ne4 47. Rf1 Bf5 48. Ra1 Nxc3 49. Ra7 d4+ 50. Kd2 Ne4+ 51. Kd1 d3 52. Rxf7 Bg4+ 53. Kc1 d2+ 0-1

[Event "Delkanda Inter Club-chT"]
[Site "Delkanda"]
[Date "2021.02.27"]
[Round "3.4"]
[White "Amarasinghe, AACB"]
[Black "Theekshana, HG Denuwan"]
[Result "0-1"]
[WhiteElo "1940"]
[BlackElo "2028"]
[PlyCount "156"]
[EventDate "2021.02.26"]
[EventType "team-tourn"]
[EventRounds "9"]
[EventCountry "SRI"]
[SourceTitle "EXT 2022"]
[Source "ChessBase"]
[SourceDate "2021.10.06"]
[SourceVersion "1"]
[SourceVersionDate "2021.10.06"]
[SourceQuality "1"]
[WhiteTeam "Jayewardenepura Univ"]
[BlackTeam "Anandians CC"]
[WhiteTeamCountry "SRI"]
[BlackTeamCountry "SRI"]

1. d4 d5 2. c4 c6 3. Nf3 Nf6 4. Nc3 dxc4 5. a4 Bf5 6. e3 Na6 7. Bxc4 Nb4 8. 0-0 e6 9. Ne5 Bd6 10. g4 Nxg4 11. Nxg4 Qh4 12. h3 h5 13. Ne5 Bxe5 14. dxe5 Rh6 15. Qf3 Bxh3 16. Ne4 Rg6+ 17. Ng3 Qxc4 18. Bd2 Bxf1 19. Rxf1 h4 20. b3 Qd5 21. e4 Qxd2 22. Rd1 Qg5 23. Rd7 Kxd7 24. Qxf7+ Qe7 25. Qxg6 hxg3 26. Qxg3 Rh8 27. Qe3 Qh4 28. Qd4+ Nd5 29. Kf1 Qg4 30. Qxd5+ exd5 31. e6+ Qxe6 32. f3 dxe4 33. f4 Qxb3 34. f5 Qxa4 35. Ke2 Qb5+ 36. Ke3 Qxf5 37. Ke2 a5 38. Ke3 a4 39. Ke2 a3 40. Ke3 a2 41. Ke2 a1Q 42. Ke3 Qa8 43. Ke2 b5 44. Ke3 b4 45. Ke2 b3 46. Ke3 b2 47. Ke2 b1Q 48. Ke3 Qbb8 49. Ke2 c5 50. Ke3 c4 51. Ke2 c3 52. Ke3 c2 53. Ke2 g5 54. Ke3 c1Q+ 55. Ke2 Qcc8 56. Ke3 g4 57. Ke2 g3 58. Ke3 g2 59. Ke2 Kd6 60. Ke3 g1Q+ 61. Ke2 Qgg8 62. Ke3 Qgd8 63. Ke2 Ke5 64. Ke3 Qff8 65. Ke2 Qfe8 66. Ke3 Rh4 67. Ke2 Kd4 68. Kd2 Kc4+ 69. Ke2 Kb3 70. Ke3 Ka2 71. Ke2 Ka1 72. Ke3 Qba7+ 73. Ke2 Qca6+ 74. Ke1 Qda5+ 75. Kd1 e3 76. Kc2 e2 77. Kb3 e1Q 78. Kc2 Rh2+ 0-1

[Event "Nugegoda Grand Prix 8th"]
[Site "Nugegoda"]
[Date "2021.01.29"]
[Round "3"]
[White "Theekshana, HG Denuwan"]
[Black "Ahangama, Senuka Aswin"]
[Result "1-0"]
[WhiteElo "2028"]
[BlackElo "1523"]
[PlyCount "105"]
[EventDate "2021.01.28"]
[EventType "tourn"]
[EventRounds "11"]
[EventCountry "SRI"]
[SourceTitle "CBM 200 Extra"]
[Source "ChessBase"]
[SourceDate "2021.03.31"]
[SourceVersion "1"]
[SourceVersionDate "2021.03.31"]
[SourceQuality "1"]

1. Nf3 g6 2. h4 h6 3. e4 Bg7 4. d4 d6 5. Bd3 Bg4 6. Be3 Nf6 7. c3 Nc6 8. Qb3 Qd7 9. Qxb7 Rb8 10. Qa6 0-0 11. Nbd2 Rb6 12. Qa3 Bxf3 13. gxf3 d5 14. e5 Nh5 15. Nb3 e6 16. Nc5 Qe7 17. b4 Rfb8 18. Qc1 Nxe5 19. dxe5 Bxe5 20. f4 Bg7 21. Nb3 e5 22. Bxb6 Nxf4 23. Bc5 Nxd3+ 24. Kf1 Qf6 25. Qe3 Nf4 26. Rh2 Kh7 27. a4 h5 28. Kg1 Bh6 29. Re1 Re8 30. Kh1 Ng2 31. Qe2 Nxe1 32. Qxe1 Bf4 33. Rg2 Qxh4+ 34. Kg1 e4 35. Be3 Re5 36. Bxf4 Qxf4 37. Qe3 Qxe3 38. fxe3 Kh6 39. Nd4 Rg5 40. Nc6 h4 41. Nxa7 h3 42. Rxg5 Kxg5 43. Nb5 Kh4 44. Kh2 g5 45. Nd4 g4 46. Ne2 f5 47. a5 f4 48. exf4 d4 49. cxd4 c5 50. a6 cxd4 51. Ng3 d3 52. a7 d2 53. a8R 1-0

[Event "Asia Nations online Cup"]
[Site "Chess.com INT"]
[Date "2020.10.16"]
[Round "6.7"]
[White "Theekshana, HG Denuwan"]
[Black "Abdulwahhab, Ahmed Abdulsattar"]
[Result "1-0"]
[WhiteElo "2028"]
[BlackElo "2227"]
[PlyCount "77"]
[EventDate "2020.10.10"]
[EventType "team-swiss (rapid)"]
[EventRounds "9"]
[EventCountry "IND"]
[SourceTitle "CBM 198 Extra"]
[Source "ChessBase"]
[SourceDate "2020.11.30"]
[SourceVersion "1"]
[SourceVersionDate "2020.11.30"]
[SourceQuality "1"]
[WhiteTeam "Sri Lanka"]
[BlackTeam "Iraq"]
[WhiteTeamCountry "SRI"]
[BlackTeamCountry "IRQ"]

1. d4 Nf6 2. Nf3 g6 3. Bf4 Bg7 4. Nbd2 d5 5. e3 0-0 6. h3 c5 7. c3 b6 8. Bd3 Bb7 9. Ne5 Nfd7 10. Qg4 Nxe5 11. Bxe5 Bxe5 12. dxe5 Nc6 13. Nf3 Qc7 14. e6 Ne5 15. Nxe5 Qxe5 16. exf7+ Rxf7 17. 0-0 Raf8 18. Qg3 Qxg3 19. fxg3 e5 20. Rxf7 Rxf7 21. e4 Re7 22. exd5 Bxd5 23. a3 e4 24. Be2 Kf7 25. Rd1 Ke6 26. Kf2 Ke5 27. Ke3 g5 28. Rf1 Rf7 29. Rxf7 Bxf7 30. g4 h6 31. g3 Bb3 32. Bb5 Bd1 33. Bc6 Bf3 34. Bd7 Bg2 35. h4 Bf3 36. Bf5 Kd5 37. a4 a5 38. Bc8 Kc4 39. Be6# 1-0

[Event "SRI-ch"]
[Site "Colombo"]
[Date "2020.09.19"]
[Round "9"]
[White "Annurudha, GC."]
[Black "Theekshana, HG Denuwan"]
[Result "0-1"]
[WhiteElo "2059"]
[BlackElo "1970"]
[PlyCount "70"]
[EventDate "2020.09.11"]
[EventType "tourn"]
[EventRounds "13"]
[EventCountry "SRI"]
[SourceTitle "CBM 198 Extra"]
[Source "ChessBase"]
[SourceDate "2020.11.30"]
[SourceVersion "1"]
[SourceVersionDate "2020.11.30"]
[SourceQuality "1"]

1. e4 g6 2. d4 Bg7 3. Ne2 d5 4. e5 c5 5. c3 Nc6 6. Nd2 cxd4 7. cxd4 Qa5 8. Qb3 Bd7 9. h3 Rc8 10. a3 h5 11. Qa2 Nh6 12. b4 Qb6 13. Qxd5 Be6 14. Qe4 Rd8 15. Bb2 Nf5 16. Nf4 Ncxd4 17. Nxe6 Qxe6 18. Nc4 0-0 19. Rd1 b5 20. Bxd4 bxc4 21. Bc3 Rxd1+ 22. Kxd1 Nd6 23. Qe3 Nb5 24. f4 Qf5 25. Bb2 Qb1+ 26. Qc1 Qe4 27. Qd2 c3 28. Bxc3 Nxc3+ 29. Qxc3 Rd8+ 30. Kc1 Qxf4+ 31. Kc2 Bxe5 32. Qc4 Qf5+ 33. Bd3 Rc8 34. Bxf5 Rxc4+ 35. Kd3 Rd4+ 0-1

[Event "New Delhi Parsvnath blitz op 18th"]
[Site "New Delhi"]
[Date "2020.01.14"]
[Round "6"]
[White "Bhavesh, Mahajan"]
[Black "Theekshana, HG Denuwan"]
[Result "1-0"]
[WhiteElo "2101"]
[BlackElo "1980"]
[PlyCount "51"]
[EventDate "2020.01.14"]
[EventType "swiss (blitz)"]
[EventRounds "9"]
[EventCountry "IND"]
[SourceTitle "CBM 194 Extra"]
[Source "ChessBase"]
[SourceDate "2020.03.31"]
[SourceVersion "1"]
[SourceVersionDate "2020.03.31"]
[SourceQuality "1"]

1. e4 d6 2. d4 g6 3. Nc3 Bg7 4. f4 e6 5. Nf3 Ne7 6. Bd3 f5 7. 0-0 0-0 8. Be3 Nd7 9. e5 d5 10. Ne2 b6 11. c3 c5 12. Ng5 Nb8 13. dxc5 h6 14. Nf3 Qc7 15. cxb6 axb6 16. Ned4 Nbc6 17. Nb5 Qb7 18. Nd6 Qd7 19. Bxb6 Ba6 20. Bd4 g5 21. Bxa6 Rxa6 22. fxg5 hxg5 23. Nxg5 Nxe5 24. Qh5 Rfa8 25. Bxe5 Kf8 26. Qf7# 1-0

[Event "New Delhi Parsvnath blitz op 18th"]
[Site "New Delhi"]
[Date "2020.01.14"]
[Round "2"]
[White "Saptarshi, Roy Chowdhury"]
[Black "Theekshana, HG Denuwan"]
[Result "1-0"]
[WhiteElo "2460"]
[BlackElo "1980"]
[PlyCount "73"]
[EventDate "2020.01.14"]
[EventType "swiss (blitz)"]
[EventRounds "9"]
[EventCountry "IND"]
[SourceTitle "CBM 194 Extra"]
[Source "ChessBase"]
[SourceDate "2020.03.31"]
[SourceVersion "1"]
[SourceVersionDate "2020.03.31"]
[SourceQuality "1"]

1. d4 g6 2. e4 d6 3. Nc3 Bg7 4. Be3 Nd7 5. f3 e6 6. Qd2 h6 7. 0-0-0 Ne7 8. g4 a6 9. h4 b5 10. Kb1 Bb7 11. Nh3 Nb6 12. Bd3 b4 13. Ne2 a5 14. h5 g5 15. f4 f6 16. Rhf1 Qd7 17. e5 dxe5 18. dxe5 Nbd5 19. exf6 Bxf6 20. fxg5 hxg5 21. Rxf6 Nxf6 22. Bxg5 Nfd5 23. Bxe7 Qxe7 24. Bg6+ Kd7 25. Nhf4 Raf8 26. Nxd5 Bxd5 27. Qd4 c5 28. Qd3 Kc7 29. Qa6 Qd6 30. Qa7+ Kc6 31. c4 bxc3 32. Nxc3 Rb8 33. Qxa5 Rb6 34. Nxd5 exd5 35. Be4 Qh2 36. Bxd5+ Kc7 37. Qa7+ 1-0

[Event "Negombo op 3rd"]
[Site "Negambo"]
[Date "2017.08.23"]
[Round "8"]
[White "Theekshana, HG Denuwan"]
[Black "Weerakoon, DDP"]
[Result "1/2-1/2"]
[WhiteElo "1810"]
[BlackElo "1626"]
[PlyCount "64"]
[EventDate "2017.08.20"]
[EventType "swiss"]
[EventRounds "10"]
[EventCountry "SRI"]
[SourceTitle "CBM 180 Extra"]
[Source "ChessBase"]
[SourceDate "2017.10.06"]
[SourceVersion "1"]
[SourceVersionDate "2017.10.06"]
[SourceQuality "1"]

1. d4 Nf6 2. Nf3 e6 3. Bf4 b6 4. c3 Bb7 5. Nbd2 c5 6. e3 Be7 7. h3 d6 8. Qc2 cxd4 9. exd4 Nbd7 10. Be2 Qc7 11. Bh2 0-0 12. Rg1 a6 13. g4 e5 14. g5 Nd5 15. dxe5 dxe5 16. Bd3 g6 17. h4 Nc5 18. Be2 Nf4 19. Bxf4 exf4 20. 0-0-0 Rfe8 21. Nd4 Bf8 22. Bf3 Bxf3 23. N2xf3 Bg7 24. Rge1 b5 25. h5 Rac8 26. Kb1 Na4 27. hxg6 hxg6 28. Rh1 Qa5 29. Qd2 Nxc3+ 30. bxc3 Rxc3 31. Nc2 b4 32. Nfd4 Qxg5 1/2-1/2

[Event "Negombo op 3rd"]
[Site "Negambo"]
[Date "2017.08.22"]
[Round "5"]
[White "Galappaththi, Chinthaka Anuruddh"]
[Black "Theekshana, HG Denuwan"]
[Result "1-0"]
[WhiteElo "2060"]
[BlackElo "1810"]
[PlyCount "79"]
[EventDate "2017.08.20"]
[EventType "swiss"]
[EventRounds "10"]
[EventCountry "SRI"]
[SourceTitle "CBM 180 Extra"]
[Source "ChessBase"]
[SourceDate "2017.10.06"]
[SourceVersion "1"]
[SourceVersionDate "2017.10.06"]
[SourceQuality "1"]

1. d4 d6 2. c4 g6 3. Nf3 Bg7 4. Nc3 e6 5. e4 Ne7 6. h4 h6 7. Bd3 Nd7 8. Be3 b6 9. Qe2 a6 10. Nd2 Bb7 11. f4 e5 12. d5 c5 13. g3 h5 14. Nf3 Qc7 15. Ng5 Bc8 16. Rf1 Bh6 17. f5 Bxg5 18. hxg5 Nf8 19. Qf2 Rh7 20. f6 Ng8 21. Rh1 Bd7 22. Rh4 Qc8 23. Be2 Rb8 24. a4 Kd8 25. Qh2 Kc7 26. g4 Qe8 27. Ra3 Rb7 28. Kd2 Qb8 29. gxh5 gxh5 30. Rxh5 Rxh5 31. Qxh5 Ng6 32. Qh7 Qf8 33. Bh5 Kb8 34. Bxg6 fxg6 35. Qxg6 Bg4 36. Ra1 Rf7 37. Rh1 Ne7 38. fxe7 Qxe7 39. Rh8+ Ka7 40. Qg8 1-0

[Event "Wch U12"]
[Site "Al Ain"]
[Date "2013.12.20"]
[Round "3"]
[White "Ivannikau, Maksim"]
[Black "Theekshana, HG Denuwan"]
[Result "1-0"]
[WhiteElo "1826"]
[BlackElo "1575"]
[PlyCount "127"]
[EventDate "2013.12.18"]
[EventType "swiss"]
[EventRounds "11"]
[EventCountry "UAE"]
[SourceTitle "CBM 158 Extra"]
[Source "ChessBase"]
[SourceDate "2014.02.28"]
[SourceVersion "1"]
[SourceVersionDate "2014.02.28"]
[SourceQuality "1"]

1. Nf3 Nf6 2. g3 d5 3. Bg2 Bf5 4. 0-0 c6 5. d3 e6 6. Nbd2 Nbd7 7. e3 h6 8. Qe2 Bh7 9. e4 dxe4 10. dxe4 e5 11. Ne1 Bd6 12. b3 0-0 13. Bb2 Re8 14. a4 Bc7 15. Nd3 Bb6 16. Nc4 Bc7 17. Rfd1 Qb8 18. f3 a6 19. a5 Qa7+ 20. Kh1 Qb8 21. Bh3 Bg6 22. Rd2 Bh7 23. Rad1 Nf8 24. Ndxe5 Qa7 25. Bg2 Rac8 26. Nd3 Nh5 27. Qf2 Qxf2 28. Nxf2 Rcd8 29. Bc3 Rxd2 30. Rxd2 Rd8 31. Rxd8 Bxd8 32. Nd6 b5 33. axb6 Bxb6 34. Ng4 Bc7 35. Ne8 Bb8 36. Be5 Ba7 37. Bf1 f6 38. Bc4+ Kh8 39. Bd6 Bg6 40. Nexf6 Nxf6 41. Nxf6 gxf6 42. Bxf8 a5 43. Bxh6 Bb6 44. Bd2 c5 45. g4 Kg7 46. Bc3 Bf7 47. Bxf7 Kxf7 48. h4 Kg6 49. Kg2 Kf7 50. f4 Bc7 51. Kf3 Kg6 52. e5 fxe5 53. Bxe5 Bxe5 54. fxe5 c4 55. Kf4 cxb3 56. cxb3 Kf7 57. h5 Kg7 58. g5 Kf7 59. h6 Kg6 60. e6 Kh7 61. e7 a4 62. bxa4 Kg6 63. e8Q+ Kh7 64. Qf7+ 1-0